American Conservative

Bibliographic Details
Format: Unknown
Language:English
Published: Arlington : American Conservative
Subjects:
Online Access:Acceso restringido

MARC

LEADER 00000ny a22000003n 4500
003 EbpS
005 20110512103256.0
008 061114c 9999us su p 0 0eng d
022 0 |a 1540-966X 
035 |a 3141  
040 |a EbpS  |c EbpS  |d vLex 
090 |c 1728  |d 1728 
245 3 0 |a American Conservative  |h [Recurso electrn̤ico] 
256 |a Servicio en ln̕ea 
260 |a Arlington :  |b American Conservative 
310 |a Bimensual 
506 1 |a Contenido solo disponible en los productos indicados  |d vLex Global  |d vLex Global (Academic Edition, excluding Law Schools)  |d vLex Global (Academic Edition, Law Schools) 
650 0 4 |a Ciencia polt̕ica  |x Publicaciones perid̤icas 
740 0 |a vLex Revista (Servicios en ln̕ea) 
843 |a Electrn̤ica. Abierta  
853 |8 1  |i (year)  |j (month)  |k (day) 
856 4 0 |z Acceso restringido  |u http://vlex.com/account/login_ip?fuente_id=3141  
942 |c REV